000 00216 a2200097 4500
001 12840
100 _aSuganthi,L
245 _aTotal Quality Management
260 _a
_bPrentic,Hall of India
_c
090 _c9823
_d9823
942 _aNUST-CAE
_cM
_c36737
999 _c247913
_d247913